00819nam a2200241 a 450000100060000000300080000600500170001400800410003103500200007203500180009204000420011004100080015208200280016010000490018824500960023725000120033326000570034530000500040250000190045250400310047165100370050265100380053940705BD-RjUL20211209053252.0160509s1967 njuabc b 001 0 eng  a(BD-RjUL) 40820 a(OCoLC)601777 aDLCcOClWdOCoLCdDLCd(BD-RjUL)beng aeng a320.96761223bAPP 19671 aApter, David E.q(David Ernest),d1924-2010.14aThe political kingdom in Uganda :ba study in bureaucratic nationalism /cby David E. Apter a2nd ed. aPrinceton, N.J. :bPrinceton University Press,c1967 axxii, 498 p. :billus., maps, port. ;c21 cm. aIncludes index aBibliographical footnotes. 0aUgandaxPolitics and government. 0aBugandaxPolitics and government.